logo

Bir Sreshtho Munshi Abdur Rouf Library
Jhenaidah Cadet College

The true secret / (Record no. 12675)

MARC details
000 -LEADER
fixed length control field 00907nam a2200289 a 4500
001 - CONTROL NUMBER
JCCL Control Number 12675
003 - CONTROL NUMBER IDENTIFIER
JCCL marc code BD-JhCC
005 - DATE AND TIME OF LATEST TRANSACTION
control field 20230507094622.0
008 - FIXED-LENGTH DATA ELEMENTS--GENERAL INFORMATION
fixed length control field 221117s2011 su a b 000 0 eng d
020 ## - INTERNATIONAL STANDARD BOOK NUMBER
International Standard Book Number 9786035011075
035 ## - SYSTEM CONTROL NUMBER
system control number (BD-JhCC)12675
040 ## - CATALOGING SOURCE
Original cataloging agency HLS
Transcribing agency HLS
Modifying agency OCLCO
-- DLC
-- BD-JhCC
041 0# - LANGUAGE CODE
Language code of Book eng
Language code of summary or abstract/overprinted title or subtitle ara
082 ## - DEWEY DECIMAL CLASSIFICATION NUMBER
Classification number 214.61
Author mark and Year AYA 2011
100 1# - MAIN ENTRY--PERSONAL NAME
Personal name Ayad, Amira.
245 14 - TITLE STATEMENT
Title The true secret /
Statement of responsibility, etc Amira Ayad.
246 31 - VARYING FORM OF TITLE
Title proper/short title Sirr al-ḥaqīqī
250 ## - EDITION STATEMENT
Edition statement English edition.
260 ## - PUBLICATION, DISTRIBUTION, ETC. (IMPRINT)
Place of publication, distribution, etc Riyadh :
Name of publisher, distributor, etc International Islamic Publishing House,
Date of publication, distribution, etc 2011.
300 ## - PHYSICAL DESCRIPTION
Pagination 303 p. :
Other physical details ill. ;
Dimensions 22 cm.
504 ## - BIBLIOGRAPHY, ETC. NOTE
Bibliography, etc Includes bibliographical references (p. 295).
650 #0 - SUBJECT ADDED ENTRY--TOPICAL TERM
Topical term or geographic name as entry element Self-realization
General subdivision Religious aspects
-- Islam.
650 #0 - SUBJECT ADDED ENTRY--TOPICAL TERM
Topical term or geographic name as entry element Self-actualization (Psychology)
General subdivision Religious aspects
-- Islam.
650 #0 - SUBJECT ADDED ENTRY--TOPICAL TERM
Topical term or geographic name as entry element Muslims
General subdivision Conduct of life.
650 #0 - SUBJECT ADDED ENTRY--TOPICAL TERM
Topical term or geographic name as entry element Fatih and reason
General subdivision Islam.
942 ## - ADDED ENTRY ELEMENTS (KOHA)
Source of classification or shelving scheme Dewey Decimal Classification
Koha item type Books
Holdings
Source of classification or shelving scheme Damaged status Not for loan Home library Current library Shelving location Date of accession Cost, normal purchase price Total Checkouts Full call number Barcode Checked out Date last seen Date checked out Copy number Koha item type
Dewey Decimal Classification     JCC Rouf Library JCC Rouf Library Fiction 11/17/2022 1190.00 5 214.61 AYA 2011 16726 02/18/2026 01/25/2026 01/25/2026 C-1 Books

JCC Library | Contacts | JCC Home

Last Update on 23 September 2017
Copyright @ 2017-2020 JCC Rouf Library
Rouf Library, Jhenidah Cadet College (JCC), Bangladesh